000 00566nam a2200217Ia 4500
003 OSt
005 20220916110951.0
006 a|||||r|||| 00| 0
007 ta
008 Pun
024 _a42,677
037 _cTextbook
040 _bPun
_aARTS
_cARTS
041 _aPun
082 _aO153,6NAJx, M8
100 _aਆਜਿਗ਼, ਸੰਤਾ ਸਿੰਘ
245 0 _aਜਾ ਕਉ ਰਾਖੈ ਸਾਈਆਂ
260 _c1988
942 _hO153,6NAJx, M8
_cTB
_2CC
999 _c102450
_d102450